[Event "Obert Pobla de Lillet 2016"]
[Site "La Pobla de Lillet ESP"]
[Date "2016.08.10"]
[Round "9.7"]
[White "Barcelo Sola, D."]
[Black "Travesset Ribera, D."]
[Result "1/2-1/2"]
[WhiteElo "2022"]
[BlackElo "2139"]
[PlyCount "137"]
[EventDate "2016.08.02"]
[EventType "swiss"]
[EventRounds "9"]
[EventCountry "ESP"]
[SourceTitle "Ajedrez en Madrid"]
[Source "lmi"]
[SourceDate "2016.08.02"]

1. e4 c5 2. d4 cxd4 3. c3 dxc3 4. Nxc3 Nc6 5. Bc4 d6 6. Nf3 a6 7. O-O Nf6 8.
Bg5 e6 9. Qe2 Be7 10. Rfd1 Bd7 11. e5 Nxe5 12. Nxe5 dxe5 13. Qxe5 Rc8 14. Bd3
Qc7 15. Qd4 Bc6 16. Bf4 Qa5 17. a3 Qc5 18. Ne2 Qd5 19. Qxd5 Nxd5 20. Be5 O-O
21. Nd4 Bf6 22. Nf3 Rfd8 23. Be4 Kf8 24. Bxf6 Nxf6 25. Rxd8+ Rxd8 26. Bxc6 bxc6
27. Kf1 Nd7 28. b4 e5 29. Rc1 Rc8 30. a4 Ke7 31. Ke2 f6 32. Kd3 Nb6 33. Nd2
Rd8+ 34. Ke2 Rc8 35. Ne4 Nxa4 36. Ra1 Nb6 37. Rxa6 Nd5 38. Nc5 Nxb4 39. Ra7+
Kd6 40. Ne4+ Kd5 41. f3 f5 42. Nc3+ Kc4 43. Nd1 g6 44. Rxh7 Nd5 45. Rg7 Rc7 46.
Ne3+ Kd4 47. Rxc7 Nxc7 48. g4 fxg4 49. fxg4 Nd5 50. Nf1 c5 51. h4 c4 52. Ng3 c3
53. h5 Nf4+ 54. Kd1 gxh5 55. gxh5 Kd3 56. h6 c2+ 57. Kc1 Kc3 58. Ne4+ Kd3 59.
Ng3 Kc3 60. Ne4+ Kd4 61. h7 Ng6 62. Nf2 Kc3 63. Ne4+ Kd4 64. Nf2 Kc3 65. Ne4+
Kb3 66. Nd2+ Kc3 67. Ne4+ Kd3 68. Nf2+ Ke3 69. Ng4+ 1/2-1/2

[Event "Obert Pobla de Lillet 2016"]
[Site "La Pobla de Lillet ESP"]
[Date "2016.08.10"]
[Round "9.8"]
[White "Torrents Señal, M."]
[Black "Sanpera Bonet, JC."]
[Result "0-1"]
[WhiteElo "2037"]
[BlackElo "2074"]
[PlyCount "129"]
[EventDate "2016.08.02"]
[EventType "swiss"]
[EventRounds "9"]
[EventCountry "ESP"]
[SourceTitle "Ajedrez en Madrid"]
[Source "lmi"]
[SourceDate "2016.08.02"]

1. d4 d6 2. c4 e5 3. dxe5 dxe5 4. Qxd8+ Kxd8 5. Nc3 Be6 6. b3 Nd7 7. g3 c6 8.
Nf3 f6 9. Bg2 Kc7 10. O-O Bc5 11. Rd1 Nh6 12. Ne4 Be7 13. Bb2 Nf7 14. Ned2 a5
15. e4 Rhd8 16. Nf1 Nc5 17. Ba3 Rxd1 18. Rxd1 a4 19. Bxc5 Bxc5 20. Ne1 axb3 21.
axb3 Ra2 22. Nd3 Bd4 23. Nd2 Nd6 24. Kf1 b5 25. Nb4 Ra1 26. Rxa1 Bxa1 27. Nc2
Bc3 28. Nb1 Bb2 29. c5 Nb7 30. b4 Bb3 31. Nba3 Nxc5 32. bxc5 b4 33. Nxb4 Bxa3
34. Nd3 Bc4 35. Ke2 Bxc5 36. Kd2 Bd4 37. f4 c5 38. fxe5 fxe5 39. Bh3 Kb6 40.
Bd7 Bf7 41. g4 Ka5 42. Kc2 c4 43. Nc1 c3 44. Nd3 h5 45. h3 Kb6 46. gxh5 Bxh5
47. Bg4 Be8 48. Be6 Ba4+ 49. Bb3 Bd7 50. h4 Bc6 51. Bd5 Bxd5 52. exd5 e4 53.
Nf4 Kc5 54. h5 Be5 55. Ng6 Kxd5 56. Ne7+ Ke6 57. Nc6 Bf6 58. Nb4 Kf5 59. Nd5
Kg4 60. Nxc3 Bxc3 61. Kxc3 Kxh5 62. Kd4 Kg4 63. Kxe4 g5 64. Ke3 Kg3 65. Ke2 0-1

[Event "Obert Pobla de Lillet 2016"]
[Site "La Pobla de Lillet ESP"]
[Date "2016.08.10"]
[Round "9.9"]
[White "Gabarro Sole, R."]
[Black "Collell Rodriguez, V."]
[Result "1/2-1/2"]
[WhiteElo "2058"]
[BlackElo "1860"]
[PlyCount "83"]
[EventDate "2016.08.02"]
[EventType "swiss"]
[EventRounds "9"]
[EventCountry "ESP"]
[SourceTitle "Ajedrez en Madrid"]
[Source "lmi"]
[SourceDate "2016.08.02"]

1. d4 Nf6 2. Nf3 c5 3. d5 d6 4. Nc3 a6 5. a4 g6 6. e4 Bg7 7. h3 O-O 8. Bd3 e6
9. O-O exd5 10. exd5 Re8 11. Bf4 b6 12. Qd2 Bb7 13. Bg5 Qc7 14. Rfe1 Nbd7 15.
Bc4 Rad8 16. Rxe8+ Rxe8 17. Qd3 Qc8 18. Rd1 Qa8 19. Bf4 Bf8 20. g4 Qc8 21. g5
Nh5 22. Bh2 Ng7 23. h4 Nf5 24. Ne4 Bg7 25. c3 Ne5 26. Bxe5 Bxe5 27. Nxe5 Rxe5
28. Nf6+ Kg7 29. Ng4 Re7 30. h5 Qe8 31. hxg6 Re1+ 32. Rxe1 Qxe1+ 33. Kh2 hxg6
34. Qe2 Qxe2 35. Bxe2 Kf8 36. Nf6 Ke7 37. Bd3 Bc8 38. Kg2 Ng7 39. Kf3 Ne8 40.
Nxe8 Kxe8 41. b4 cxb4 42. cxb4 1/2-1/2

[Event "Obert Pobla de Lillet 2016"]
[Site "La Pobla de Lillet ESP"]
[Date "2016.08.10"]
[Round "9.10"]
[White "Vargas Drechsler, C."]
[Black "Povill Batlle, R."]
[Result "1/2-1/2"]
[WhiteElo "1925"]
[BlackElo "1886"]
[PlyCount "46"]
[EventDate "2016.08.02"]
[EventType "swiss"]
[EventRounds "9"]
[EventCountry "ESP"]
[SourceTitle "Ajedrez en Madrid"]
[Source "lmi"]
[SourceDate "2016.08.02"]

1. e4 c5 2. b4 cxb4 3. Bb2 Nc6 4. d4 d5 5. exd5 Qxd5 6. c4 bxc3 7. Nxc3 Qxd4 8.
Nd5 Qxd1+ 9. Rxd1 Bd7 10. Nc7+ Kd8 11. Nxa8 e5 12. Bc4 Bb4+ 13. Ke2 Nf6 14. Nf3
Kc8 15. a3 Ba5 16. Rd6 Ne4 17. Rd5 Be6 18. Rhd1 Bxd5 19. Bxd5 Nc3+ 20. Bxc3
Bxc3 21. Rc1 Ba5 22. Rc4 Bd8 23. Bxf7 Kb8 1/2-1/2